| 000 | 00670nam a2200229Ia 4500 | ||
|---|---|---|---|
| 003 | OSt | ||
| 005 | 20220926025111.0 | ||
| 006 | a|||||r|||| 00| 0 | ||
| 007 | ta | ||
| 008 | 220923b |||||||| |||| 00| 0 eng d | ||
| 037 | _cGeneral Book | ||
| 040 |
_aRTL _cRTL _beng |
||
| 041 |
_2eng _aeng |
||
| 082 | _aX:(B286), N4 | ||
| 100 |
_aHargreaves Colin P Ed. _9269643 |
||
| 245 | 0 | _aNon-stationary time series analysis and cointegration | |
| 260 |
_aOxford _bOxford University Press _c1994 |
||
| 300 |
_axvii,308p _ccm. |
||
| 650 | _aEconomic Statistics | ||
| 942 |
_hX:(B286), N4 _cGB _2CC |
||
| 999 |
_c646270 _d646270 |
||